00438nam a22001697a 450000500170000001000140001702000100003103500130004103700130005408200060006710000180007324500610009126000450015227000370019730000220023465000120025620100812123910.0 aENG-99954 c80.00 aEN-83486 bDBAD/PUB aS aBiswas, M. K. aAmong nagas and other stories of life /cby M. K. Biswas aFaridabad (Haryana)bA.A.D.I.T.Y.Ac2003 a1E/21 B.P. NIT bHaryanae121001 a140p.c21cm (pbk) aStories